| 000 | 01361nam a2200253Ii 4500 | ||
|---|---|---|---|
| 003 | JO-AjNU | ||
| 005 | 20240624110248.0 | ||
| 008 | 230605s9999||||xx |||||||||||||| ||und|| | ||
| 040 |
_aJO-AjNU _bara _erda _cJO-AjNU |
||
| 041 | _aara | ||
| 050 | 1 | 4 | _aHD49 2021 |
| 100 | 1 |
_aحوامدة، كوثر محمد ابراهيم _eمعد _965529 |
|
| 245 | 0 | 0 |
_aمدى توافر متطلبات ادارة الازمات في الجامعات الاردنية في اقليم الشمال: دراسة مقارنة = The Availability of Crisis Management Requirement in the Jordanian Universities in the Northern Region: A comparative study / _cاعداد كوثر محمد ابراهيم حوامدة؛ اشراف محمود علي الروسان، خالد محمد ذيابات |
| 264 | 3 | 1 | _a2021 |
| 300 | _a1 ورقة | ||
| 336 |
_atext _btxt _2rdacontent |
||
| 337 |
_aunmediated _bn _2rdamedia |
||
| 338 |
_avolume _bnc _2rdacarrier |
||
| 500 | _aرسالة جامعية(اطروحة ماجستير) جامعة عجلون الوطنية: كلية ادارة الاعمال،تخصص ادارة الاعمال، 2021 | ||
| 650 | 4 |
_aتعليم عالي-ادارة الازمات _961193 |
|
| 700 | 1 |
_aالروسان، محمود علي _eمشرف رئيسي _965363 |
|
| 700 | 1 |
_aخالد محمد الذيابات _eمشرف مشارك _965518 |
|
| 942 |
_2lcc _cTHS |
||
| 999 |
_c31211 _d31211 |
||